Normal view
MARC view
- عبده، أسعد سليمان
Entry Personal Name
001 - CONTROL NUMBER
- control field: 39355
003 - CONTROL NUMBER IDENTIFIER
- control field: JO-AjAnu
005 - DATE AND TIME OF LATEST TRANSACTION
- control field: 20230606080539.0
008 - FIXED-LENGTH DATA ELEMENTS
- fixed length control field: 230606|| aca||aabn | a|a d
040 ## - CATALOGING SOURCE
- Original cataloging agency: JO-AjAnu
- Transcribing agency: JO-AjAnu
100 ## - HEADING--PERSONAL NAME
- Personal name: عبده، أسعد سليمان
670 ## - SOURCE DATA FOUND
- Source citation: Work cat.: (JO-AjAnu)20182: عبده، أسعد سليمان, author, معجم أسماء الأماكن في المملكة العربية السعودية المكتوبة على خريطة جزيرة العرب مقياس رسم 1 : 2،000،000